Estudio socioeconómico de Andalucía. (Record no. 60899)

MARC details
000 -LEADER
campo de control de longitud fija 00922nam a2200217 i 4500
001 - NÚMERO DE CONTROL
campo de control 60899
003 - IDENTIFICADOR DE NÚMERO DE CONTROL
campo de control ES-MaACL
007 - CAMPO FIJO DE DESCRIPCIÓN FÍSICA--INFORMACIÓN GENERAL
campo de control de longitud fija t|
008 - DATOS DE LONGITUD FIJA--INFORMACIÓN GENERAL
campo de control de longitud fija 031107m19701971sp ||||1| spa d
245 00 - MENCIÓN DEL TÍTULO
Título Estudio socioeconómico de Andalucía.
250 ## - MENCION DE EDICION
Mención de edición [1ª ed.].
260 ## - PUBLICACIÓN, DISTRIBUCIÓN, ETC.
Lugar de publicación, distribución, etc. [Madrid] :
Nombre del editor, distribuidor, etc. Instituto de Desarrollo Económico,
Fecha de publicación, distribución, etc. [1970+1971]
300 ## - DESCRIPCIÓN FÍSICA
Extensión 3 v. ;
Dimensiones 22 cm.
505 8# - NOTA DE CONTENIDO CON FORMATO
Nota de contenido con formato Contiene: V. I.: Estructura social. -- V. II.: Factores humanos, élites locales y cambio social en la Andalucía rural / informes de Kade, Juan J. Linz. -- V. III.: El sector agrario y factores geográficos en el desarrollo de Andalucía / informe de Herbert Kötter, Joaquín Bosque Maruel
700 1# - ENTRADA AGREGADA--NOMBRE PERSONAL
Nombre de persona Kade.
9 (RLIN) 67386
700 1# - ENTRADA AGREGADA--NOMBRE PERSONAL
Nombre de persona Linz, Juan J.
9 (RLIN) 72470
700 1# - ENTRADA AGREGADA--NOMBRE PERSONAL
Nombre de persona Kötter, Herbert.
9 (RLIN) 68658
700 1# - ENTRADA AGREGADA--NOMBRE PERSONAL
Nombre de persona Bosque Maurel, Joaquín.
9 (RLIN) 30700
710 2# - ENTRADA AGREGADA--NOMBRE DE ENTIDAD CORPORATIVA
Nombre de entidad corporativa o nombre de jurisdicción como elemento de entrada Instituto de Desarrollo Económico.
9 (RLIN) 4862
852 ## - LOCALIZACIÓN
Ubicación ES-MaACL
Número de control de estantería E-6308-10
Sublocalización o colección R.90577
Holdings
Estatus retirado Estado de pérdida Estado de daño No para préstamo Biblioteca de origen Biblioteca actual Ubicación en estantería Fecha de adquisición Fuente de adquisición Total de préstamos Signatura topográfica completa Código de barras Visto por última vez Precio de reemplazo Tipo de ítem Koha
        Biblioteca del Ateneo de Madrid Biblioteca del Ateneo de Madrid Depósito 2 17/01/2008     E-6308-10 1063863 23/02/2023 23/02/2023 Libro impreso